Emerging face of transformative politics in India: Farmers' movement (Record no. 394673)

MARC details
000 -LEADER
fixed length control field 00520 a2200193 4500
005 - DATE & TIME
control field 20260314091837.0
008 - FIXED-LENGTH DATA ELEMENTS--GENERAL INFORMATION
fixed length control field 260313b |||||||| |||| 00| 0 eng d
020 ## - ISBN
International Standard Book Number 9789350027653
Price Rs. 225.00
040 ## - CATALOGING SOURCE
Original cataloging agency VIVEKANANDA LIBRARY
082 ## - DDC NUMBER
Classification number 320.954
Book Number B469E
100 ## - MAIN ENTRY--PERSONAL NAME
Personal name Bhaduri, Amit
245 ## - TITLE STATEMENT
Title Emerging face of transformative politics in India: Farmers' movement
260 ## - PUBLICATION, DISTRIBUTION, ETC. (IMPRINT)
Name of publisher, distributor, etc Aakar Books
Place of publication, distribution, etc Delhi
Date of publication, distribution, etc 2022
300 ## - PHYSICAL DESCRIPTION
Pages 84
650 ## - Subject
Subject Political Science
650 ## - Subject
Subject Political Situation
650 ## - Subject
Subject India
942 ## - ADDED ENTRY ELEMENTS (KOHA)
Koha item type Books
Holdings
Withdrawn status Lost status Source of classification or shelving scheme Damaged status Not for loan Location (home branch) Sublocation or collection (holding branch) Shelving location Date acquired Koha issues (times borrowed) Koha full call number Accession No. Koha date last seen Koha item type
    Dewey Decimal Classification     VIVEKANANDA LIBRARY VIVEKANANDA LIBRARY Vivekananda Library 18/02/2026   320.954 B469E 438457 18/02/2026 Books
© Designed and Maintained by Vivekananda Library, MDU Rohtak